000
00350pam a2200157a 44500
008
230515b1988 xxu||||| |||| 00| 0 eng d
020
_a
NULL
041
_a
ENGL
082
_a
512.9434/JOS
100
_a
JOSHI A.W.
245
_a
MATRICES & TENSORS IN PHYSICS
250
_a
2
260
_a
NULL
_b
WILEY
_c
1988
300
_a
289 PB
650
_a
NULL
999
_c
619260
_d
619260